LEADER 01900oas 2200673 a 450 001 9910894335803321 005 20260218112805.0 011 $a1867-7061 035 $a(DE-599)ZDB2466199-5 035 $a(OCoLC)464581060 035 $a(CONSER) 2012237583 035 $a(CKB)2670000000054141 035 $a(DE-599)2466199-5 035 $a(EXLCZ)992670000000054141 100 $a20091110a20089999 sy 101 0 $ager 135 $aurun||||||||| 181 $ctxt$2rdacontent 182 $cc$2rdamedia 183 $acr$2rdacarrier 200 00$aDenkstro?me $eJournal der Sa?chsischen Akademie der Wissenschaften 210 $aLeipzig $cLeipziger Universita?tsverlag 311 08$a1867-6413 531 0 $aDenkstro?me 606 $aInterdisciplinary research$vPeriodicals 606 $aScience$xPhilosophy$vPeriodicals 606 $aHumanities$vPeriodicals 606 $aRecherche interdisciplinaire$vPe?riodiques 606 $aHumanities$2fast$3(OCoLC)fst00963588 606 $aInterdisciplinary research$2fast$3(OCoLC)fst00976131 606 $aScience$xPhilosophy$2fast$3(OCoLC)fst01108336 608 $aPeriodicals.$2fast 615 0$aInterdisciplinary research 615 0$aScience$xPhilosophy 615 0$aHumanities 615 6$aRecherche interdisciplinaire 615 7$aHumanities. 615 7$aInterdisciplinary research. 615 7$aScience$xPhilosophy. 712 02$aSa?chsische Akademie der Wissenschaften zu Leipzig. 801 0$bOCLCS 801 1$bOCLCS 801 2$bOCLCS 801 2$bOCLCQ 801 2$bNTE 801 2$bCZL 801 2$bOCLCQ 801 2$bCUS 801 2$bOCLCF 801 2$bOCLCQ 801 2$bOCLCO 801 2$bOCLCQ 801 2$bLGG 801 2$bOCLCL 801 2$bOCLCQ 906 $aJOURNAL 912 $a9910894335803321 996 $aDenkströme$94245438 997 $aUNINA